| 000 | 00983nam a2200277 a 4500 | ||
|---|---|---|---|
| 001 | 57020 | ||
| 003 | BD-RjUL | ||
| 005 | 20211209080447.0 | ||
| 008 | 116120s1967 pk b 001 0 eng | ||
| 035 | _a(BD-RjUL)57144 | ||
| 040 |
_aDLC _cDLC _dDLC _beng |
||
| 041 | _aeng | ||
| 082 | 0 | 0 |
_a581.634095491 _223 _bBAM 1967 |
| 100 | 1 |
_aBaquar, Syed Riaz. _9169428 |
|
| 245 | 1 | 0 |
_aMedicinal plants of Southern West Pakistan / _c[by] Syed Riaz Baquar and M. Tasnif. |
| 260 |
_aKarachi : _bBotany Section, Central Laboratories, Pakistan Council of Scientific and Industrial Research _c[1967] |
||
| 300 |
_aiv, 108 p. ; _c24 cm. |
||
| 350 | _a7.00 | ||
| 490 | 1 | _a Pakistan Council of Scientific and Industrial Research. | |
| 504 | _aBibliography: p. 87-89. | ||
| 650 | 0 |
_aMedicinal plants _zPakistan. _9169429 |
|
| 700 | 1 |
_aTasnif, M., _ejoint author. _9169430 |
|
| 830 |
_a Pakistan Council of Scientific and Industrial Research. _9169431 |
||
| 942 |
_2ddc _cBK |
||
| 999 |
_c57020 _d57020 |
||